| 000 | 00717nam a22002057a 4500 | ||
|---|---|---|---|
| 005 | 20140827121705.0 | ||
| 010 | _aENG-110596 | ||
| 020 |
_a9780198096269 _c1595.00 |
||
| 020 |
_a0198096267 _c1595.00 |
||
| 035 | _aEN-94128 | ||
| 037 | _bDBAD/PUB | ||
| 082 | _a351.01 | ||
| 245 |
_aKing, Governance and law in ancient India : _ca new annotated ranslation by Patrick Olivelle _bKautilya's Arthasastra / |
||
| 260 |
_aNew Delhi _bOxford University Press _c2013 |
||
| 270 |
_aYMCA Library Building, 1 Jai Singh Road _bNew Delhi _e110001 |
||
| 300 |
_axxix,753p. _c24cm(Hb) |
||
| 500 | _aIncludes bibliographical references and index | ||
| 700 | _aOlivelle, Patrick | ||
| 942 |
_2ddc _cEN _mKIN _h351.01 |
||
| 999 |
_c87579 _d87579 |
||